000 00437nam a2200181Ia 4500
005 20240823060929.0
008 240823s9999||||xx |||||||||||||| ||und||
041 _aENGLISH
082 _A658.81 Q3
100 _a"Still,Richard R [etal]"
245 0 _aSales Management
250 _a5th
260 _c2013
_bPearson Educ
500 _aTRANSFERED
650 _aSales Management
_bManagement Studies
942 _cBK
999 _c232305
_d232305